Normal view
MARC view
Entry Personal Name
001 - CONTROL NUMBER
- control field: 977912
003 - CONTROL NUMBER IDENTIFIER
- control field:
005 - DATE AND TIME OF LATEST TRANSACTION
- control field: 20210627113154.0
008 - FIXED-LENGTH DATA ELEMENTS
- fixed length control field: 210627|| aca||aabn | a|a d
040 ## - CATALOGING SOURCE
- Original cataloging agency:
- Transcribing agency:
100 ## - HEADING--PERSONAL NAME
- Personal name: Gray, John W.
- Fuller form of name: (John Walker),
- Dates associated with a name: 1931-
670 ## - SOURCE DATA FOUND
- Source citation: Work cat.: ()857572: Gray, John W. (John Walker), 1931-, Formal category theory :, 1974
